LDR 00871naa#a2200193#i#450# 001 EN\\bibl\123202 005 20260513080649.3 011 ## _a2409-1073 100 ## _a20231220b2023####ek#y0engy0150####ca 102 ## _aRU 200 1# _aDecentralized autonomous organizations as a new way to manage transborder trade _eJournal article 210 1# _aMoscow _cNational Research University of Electronic Technology _d2023 215 ## _a0 с. 608 ## _aJournal article _2local 675 ## _aМногонациональные, международные предприятия и объединения(совместные предприятия и объединения). 334.726 _aБезопасность, защищённость данных. 004.056 _z 700 #1 _aNenashev _gAleksey Vladimirovich 700 #1 _aObukhova _gElena A. 700 #1 _aTrifonov _gIlya V. 856 4# _aesgi-journal.ru _u